000 00777nam a2200277Ia 4500
001 2814
005 20240113233556.0
007 ta
008 050305s1999 a g b000 u eng u
020 _a81 7371 146 1
040 _aCotton College,Assam
041 _aeng
082 _a925
_bKa 124 Wi
100 _aKalam, A P J Abdul.
245 0 _aWings Of Fire: An Autobiography /
_cA P J Abdul Kalam and Arun Tiwari.
_hTextual Documents
250 _aIst ed /
260 _aHyderabad :
_bUniversities press (India )Pvt Ltd ,
_c1999.
300 _a180 p :
_bill ;
_c24 cm .
653 _aAutobiography - A P J Abdul Kalam
653 _aBiography
653 _aG-Biography
942 _2ddc
_cBK
999 _c2807
_d2807